Central Library OPAC University of Rajshahi

Economic activity / (Record no. 42727)

MARC details
000 -LEADER
fixed length control field 00764nam a2200241 a 4500
001 - CONTROL NUMBER
control field 42727
003 - CONTROL NUMBER IDENTIFIER
rucl marc code BD-RjUL
005 - DATE AND TIME OF LATEST TRANSACTION
control field 20211209053601.0
008 - FIXED-LENGTH DATA ELEMENTS--GENERAL INFORMATION
fixed length control field 160615s1967 enkad 001 0 eng d
035 ## - SYSTEM CONTROL NUMBER
System control number (BD-RjUL)42845
040 ## - CATALOGING SOURCE
Original cataloging agency WSU
Modifying agency m.c
Language of cataloging eng
Transcribing agency BD-RjUL
041 ## - LANGUAGE CODE
Language code of text/sound track or separate title eng
082 ## - DEWEY DECIMAL CLASSIFICATION NUMBER
Classification number 338.5
Author mark and year HAE 1967
100 1# - MAIN ENTRY--PERSONAL NAME
Personal name Harcourt, G. C.
Fuller form of name (Geoffrey Colin),
Dates associated with a name 1931-
9 (RLIN) 131329
245 10 - TITLE STATEMENT
Title Economic activity /
Statement of responsibility, etc. G. C. Harcourt, P. H. Karmel and R. H. Wallace.
260 ## - PUBLICATION, DISTRIBUTION, ETC. (IMPRINT)
Place of publication, distribution, etc. Cambridge :
Name of publisher, distributor, etc. Cambridge University Press,
Date of publication, distribution, etc. 1967.
300 ## - PHYSICAL DESCRIPTION
Pagination x, 324 p. :
Illustrations ill. ;
Size 22 cm.
504 ## - BIBLIOGRAPHY, ETC. NOTE
Bibliography, etc Bibliography: p. 318-320. and index
650 #0 - SUBJECT ADDED ENTRY--TOPICAL TERM
Topical term or geographic name as entry element Macoeconomics.
9 (RLIN) 131330
700 1# - ADDED ENTRY--PERSONAL NAME
Personal name Karmel, Peter,
Dates associated with a name 1922-
Personal name Wallace, Robert Henry.
942 ## - ADDED ENTRY ELEMENTS (KOHA)
Source of classification or shelving scheme Dewey Decimal Classification
Koha item type Books
Holdings
Lost status Source of classification or shelving scheme Damaged status Not for loan Collection code Permanent Location Current Location Shelving location Date acquired Source of acquisition Cost, normal purchase price Total Checkouts Full call number Date last seen Copy number Koha item type
  Dewey Decimal Classification     Non-fiction Central Library, University of Rajshahi Central Library, University of Rajshahi   25/08/1973 Ideal, Library 19.25   338.5 HAE 1967 15/06/2016 C-2 Books